[Event "Titled Tuesday intern op 16th Jan Late"]
[Site "Chess.com INT"]
[Date "2024.01.16"]
[Round "9"]
[White "Filipets, Egor"]
[Black "Leiva Rodriguez, Jeammarco Giuseppe"]
[Result "1-0"]
[WhiteElo "2293"]
[BlackElo "2398"]
[PlyCount "119"]
[EventDate "2024.01.16"]
[EventType "swiss (blitz)"]
[EventRounds "11"]
[EventCountry "USA"]
[SourceTitle "CB04_2024"]
[SourceDate "2023.10.16"]
[SourceVersion "1"]
[SourceVersionDate "2023.10.16"]
[SourceQuality "1"]

1. c4 g6 2. Nf3 Bg7 3. g3 c5 4. Bg2 Nc6 5. 0-0 d6 6. Nc3 e5 7. a3 Nge7 8. Rb1 a5 9. Ne1 0-0 10. Nc2 Be6 11. d3 Qd7 12. b4 axb4 13. axb4 f5 14. bxc5 dxc5 15. Ne3 Nb4 16. Qb3 f4 17. Ned5 Nexd5 18. Nxd5 Bxd5 19. cxd5 Kh8 20. Bd2 Ra4 21. d6 b5 22. Bxb4 Rxb4 23. Qd5 Rd4 24. Qxc5 Qxd6 25. Rxb5 Qxc5 26. Rxc5 Rd7 27. Be4 Bf6 28. Kg2 Kg7 29. Rb1 Rfd8 30. Rb6 Rd6 31. Rc7+ R6d7 32. Rcc6 Rf8 33. Re6 Re7 34. Rec6 Rd7 35. Ra6 Re7 36. Bd5 Rd7 37. Bc4 Re7 38. Rd6 Bg5 39. h4 Bf6 40. Bd5 Rc7 41. Be4 Re7 42. Kh3 Rc7 43. Kg4 Re7 44. h5 gxh5+ 45. Kxh5 fxg3 46. fxg3 Rc7 47. g4 h6 48. Bd5 Re7 49. Rdc6 Rd7 50. Be6 Rb7 51. Bf5 Rff7 52. Rc8 Rb1 53. g5 Rh1+ 54. Kg4 Rg1+ 55. Kf3 Bxg5 56. e4 Rf1+ 57. Ke2 Rh1 58. Rg6+ Kh7 59. Rxg5+ Rxf5 60. Rxf5 1-0

[Event "Titled Tuesday intern op 16th Jan Late"]
[Site "Chess.com INT"]
[Date "2024.01.16"]
[Round "5"]
[White "Filipets, Egor"]
[Black "Longson, Alexander"]
[Result "1-0"]
[WhiteElo "2293"]
[BlackElo "2261"]
[PlyCount "59"]
[EventDate "2024.01.16"]
[EventType "swiss (blitz)"]
[EventRounds "11"]
[EventCountry "USA"]
[SourceTitle "CB04_2024"]
[SourceDate "2023.10.16"]
[SourceVersion "1"]
[SourceVersionDate "2023.10.16"]
[SourceQuality "1"]

1. c4 e6 2. Nf3 d5 3. g3 dxc4 4. Bg2 Nf6 5. 0-0 c5 6. Na3 Nc6 7. Nxc4 Be7 8. b3 0-0 9. Bb2 Bd7 10. Nce5 Rc8 11. Rc1 Nd5 12. Nxd7 Qxd7 13. d4 cxd4 14. Nxd4 Nxd4 15. Qxd4 Bf6 16. Qd2 Bxb2 17. Qxb2 Qb5 18. Qd4 Qxe2 19. Rxc8 Rxc8 20. Qxa7 b5 21. Qb7 Rd8 22. a4 bxa4 23. bxa4 Qa2 24. Bxd5 exd5 25. Re1 Qxa4 26. Re7 Qa1+ 27. Kg2 Qf6 28. Qc7 Rf8 29. Qd7 Qf5 30. Qxf5 1-0

[Event "Titled Tuesday intern op 16th Jan Late"]
[Site "Chess.com INT"]
[Date "2024.01.16"]
[Round "1"]
[White "Tqebuchava, Zurab"]
[Black "Filipets, Egor"]
[Result "0-1"]
[WhiteElo "2303"]
[BlackElo "2293"]
[PlyCount "88"]
[EventDate "2024.01.16"]
[EventType "swiss (blitz)"]
[EventRounds "11"]
[EventCountry "USA"]
[SourceTitle "CB04_2024"]
[SourceDate "2023.10.16"]
[SourceVersion "1"]
[SourceVersionDate "2023.10.16"]
[SourceQuality "1"]

1. e4 d6 2. d4 Nf6 3. Nc3 g6 4. g3 Bg7 5. Bg2 0-0 6. Nge2 e5 7. 0-0 Nc6 8. dxe5 dxe5 9. Qxd8 Rxd8 10. Bg5 Be6 11. h3 h6 12. Bxf6 Bxf6 13. Rfd1 Rxd1+ 14. Rxd1 Rd8 15. Rxd8+ Bxd8 16. Nd5 Ne7 17. Nec3 c6 18. Nxe7+ Bxe7 19. Kf1 Bb4 20. a3 Bxc3 21. bxc3 Kf8 22. Ke2 Ke7 23. Kd2 Kd6 24. h4 Kc5 25. Kc1 f5 26. exf5 gxf5 27. Bf1 Bc4 28. Bh3 f4 29. g4 Be6 30. f3 h5 31. Kd2 e4 32. fxe4 hxg4 33. Bf1 Bf7 34. Be2 Bh5 35. Bf1 Kd6 36. Kd3 Ke5 37. c4 c5 38. a4 a5 39. c3 b6 40. Bg2 Bg6 41. Bf1 Bxe4+ 42. Ke2 g3 43. Bh3 f3+ 44. Kf1 Bd3+ 0-1

[Event "Speed Chess Q2 Sw"]
[Site "Chess.com INT"]
[Date "2023.08.23"]
[Round "4"]
[White "Filipets, Egor"]
[Black "Gomes, Luiz Alexandre"]
[Result "1/2-1/2"]
[WhiteElo "2293"]
[BlackElo "2254"]
[PlyCount "126"]
[EventDate "2023.08.23"]
[EventType "swiss (blitz)"]
[EventRounds "14"]
[EventCountry "USA"]
[SourceTitle "CBM 215 Extra"]
[Source "ChessBase"]
[SourceDate "2023.09.30"]
[SourceVersion "1"]
[SourceVersionDate "2023.09.30"]
[SourceQuality "1"]

1. c4 e6 2. Nf3 Nf6 3. g3 d5 4. Bg2 Be7 5. 0-0 0-0 6. cxd5 exd5 7. d4 c6 8. Nc3 Bf5 9. Bf4 Nbd7 10. Ne5 Re8 11. Qd2 Bf8 12. f3 a5 13. Kh1 a4 14. Rae1 Nxe5 15. Bxe5 Nd7 16. Bf4 Bb4 17. e4 dxe4 18. fxe4 Bg6 19. a3 Ba5 20. Qe2 Nb6 21. Rd1 f6 22. Nxa4 Nxa4 23. Qc4+ Bf7 24. Qxa4 Bc3 25. Qc2 Bxd4 26. Be3 c5 27. Bxd4 cxd4 28. Qd3 Ra4 29. Rf2 Qb6 30. Rc1 h6 31. Rfc2 Raa8 32. h4 Rad8 33. Kh2 Be6 34. b4 Re7 35. Rc5 Kf7 36. e5 f5 37. h5 Qa6 38. b5 Qb6 39. a4 g6 40. hxg6+ Kxg6 41. Bf3 Rg7 42. g4 Rf7 43. Rg1 Kh7 44. gxf5 Bxf5 45. Be4 Qe6 46. Rc7 Rdf8 47. Rxf7+ Rxf7 48. Bxf5+ Qxf5 49. Qxf5+ Rxf5 50. Rd1 Rxe5 51. Rxd4 Re7 52. Kg3 Kg6 53. Rd6+ Kg5 54. Rd5+ Kf6 55. a5 Re3+ 56. Kf4 Ra3 57. Rd6+ Ke7 58. Rxh6 Rxa5 59. Rh7+ Kd6 60. Rxb7 Kc5 61. b6 Rb5 62. Ke5 Rxb6 63. Rxb6 Kxb6 1/2-1/2

[Event "Speed Chess Q2 Sw"]
[Site "Chess.com INT"]
[Date "2023.08.23"]
[Round "6"]
[White "Gatterer, Florian"]
[Black "Filipets, Egor"]
[Result "0-1"]
[WhiteElo "2170"]
[BlackElo "2293"]
[PlyCount "60"]
[EventDate "2023.08.23"]
[EventType "swiss (blitz)"]
[EventRounds "14"]
[EventCountry "USA"]
[SourceTitle "CBM 215 Extra"]
[Source "ChessBase"]
[SourceDate "2023.09.30"]
[SourceVersion "1"]
[SourceVersionDate "2023.09.30"]
[SourceQuality "1"]

1. Nf3 f5 2. d3 d6 3. d4 e5 4. dxe5 Nc6 5. Bg5 Be7 6. Bxe7 Qxe7 7. exd6 cxd6 8. Nc3 Nf6 9. Nd5 Nxd5 10. Qxd5 Be6 11. Qd2 0-0 12. e3 Ne5 13. Be2 f4 14. e4 Rad8 15. 0-0 g5 16. Qc3 Bg4 17. Rfe1 Bxf3 18. Bxf3 g4 19. Be2 f3 20. Bf1 fxg2 21. Bxg2 Rf4 22. Rad1 Rdf8 23. Rd2 Qh4 24. Qd4 R8f6 25. Qxa7 Nf3+ 26. Bxf3 gxf3 27. Kh1 Rg6 28. Qb8+ Kg7 29. Rxd6 Qxh2+ 30. Kxh2 Rh4# 0-1

[Event "Speed Chess Q1 Sw"]
[Site "Chess.com INT"]
[Date "2023.08.21"]
[Round "5"]
[White "Dehtiarov, Roman"]
[Black "Filipets, Egor"]
[Result "1/2-1/2"]
[WhiteElo "2308"]
[BlackElo "2293"]
[PlyCount "83"]
[EventDate "2023.08.21"]
[EventType "k.o. (blitz)"]
[EventRounds "14"]
[EventCountry "USA"]
[SourceTitle "CBM 215 Extra"]
[Source "ChessBase"]
[SourceDate "2023.09.30"]
[SourceVersion "1"]
[SourceVersionDate "2023.09.30"]
[SourceQuality "1"]

1. e4 d6 2. Nc3 Nf6 3. Nf3 g6 4. Bc4 Bg7 5. 0-0 0-0 6. d3 c5 7. h3 Nc6 8. a3 a6 9. Be3 b5 10. Bb3 Ne8 11. Qd2 Nc7 12. Bh6 e5 13. h4 Be6 14. Nd5 Bxd5 15. Bxd5 Nxd5 16. exd5 Ne7 17. c4 Nf5 18. Bxg7 Kxg7 19. g3 h6 20. b4 Rc8 21. Rfc1 Nd4 22. Nxd4 cxd4 23. a4 bxc4 24. dxc4 f5 25. f4 Qf6 26. c5 e4 27. Rab1 d3 28. Qc3 Qxc3 29. Rxc3 dxc5 30. bxc5 Rfd8 31. d6 d2 32. Rd1 Rxd6 33. cxd6 Rxc3 34. Rxd2 e3 35. d7 exd2 36. d8Q Rc1+ 37. Kf2 d1Q 38. Qe7+ Kg8 39. Qe8+ Kg7 40. Qe7+ Kg8 41. Qe8+ Kg7 42. Qe7+ 1/2-1/2

[Event "Speed Chess Q1 Sw"]
[Site "Chess.com INT"]
[Date "2023.08.21"]
[Round "1"]
[White "Filipets, Egor"]
[Black "Demidov, Mikhail"]
[Result "1/2-1/2"]
[WhiteElo "2293"]
[BlackElo "2566"]
[PlyCount "109"]
[EventDate "2023.08.21"]
[EventType "k.o. (blitz)"]
[EventRounds "14"]
[EventCountry "USA"]
[SourceTitle "CBM 215 Extra"]
[Source "ChessBase"]
[SourceDate "2023.09.30"]
[SourceVersion "1"]
[SourceVersionDate "2023.09.30"]
[SourceQuality "1"]

1. c4 e5 2. g3 Nc6 3. Bg2 Bc5 4. e3 a6 5. Ne2 Ba7 6. Nbc3 d6 7. d4 Nf6 8. 0-0 0-0 9. h3 Re8 10. b3 exd4 11. Nxd4 Nxd4 12. exd4 h6 13. Qd3 Rb8 14. Bb2 Bd7 15. Rae1 Qc8 16. Kh2 b5 17. Nd5 Nxd5 18. cxd5 Rxe1 19. Rxe1 Qf8 20. Rc1 Bb6 21. Re1 Re8 22. Re3 Rxe3 23. fxe3 f5 24. Qe2 Qf6 25. Qh5 Kf8 26. Bc1 Ba5 27. Qe2 Be8 28. Bd2 Bb6 29. Qe1 Qe7 30. Qf2 Qf6 31. Qe1 Qe7 32. Qf2 Bd7 33. Bf1 g6 34. Bd3 Kg7 35. Qf3 h5 36. Kg2 Bc8 37. Bc3 Qf7 38. e4 fxe4 39. Bxe4 Qxf3+ 40. Bxf3 Bf5 41. g4 hxg4 42. hxg4 Bc2 43. b4 Kf6 44. Kg3 Ba7 45. Kf4 g5+ 46. Ke3 Bg6 47. Be4 Bf7 48. a3 Bb6 49. Kf3 Be8 50. Bf5 Bf7 51. Ke4 Bg8 52. Bb2 Bf7 53. Bc3 Bg8 54. Bb2 Bf7 55. Bc3 1/2-1/2

[Event "Speed Chess Q1 Sw"]
[Site "Chess.com INT"]
[Date "2023.08.21"]
[Round "3"]
[White "Filipets, Egor"]
[Black "Rustemov, Alexander"]
[Result "0-1"]
[WhiteElo "2293"]
[BlackElo "2525"]
[PlyCount "78"]
[EventDate "2023.08.21"]
[EventType "k.o. (blitz)"]
[EventRounds "14"]
[EventCountry "USA"]
[SourceTitle "CBM 215 Extra"]
[Source "ChessBase"]
[SourceDate "2023.09.30"]
[SourceVersion "1"]
[SourceVersionDate "2023.09.30"]
[SourceQuality "1"]

1. c4 c5 2. Nf3 g6 3. g3 Bg7 4. Bg2 Nc6 5. 0-0 b6 6. Nc3 Bb7 7. Rb1 d6 8. a3 Bxc3 9. dxc3 Qc7 10. b3 Nf6 11. Bh6 Ng4 12. Bd2 h5 13. Qc2 Kf8 14. h3 Nge5 15. Nxe5 Nxe5 16. f4 Bxg2 17. Kxg2 Qc6+ 18. e4 Nd7 19. Rbe1 Kg7 20. Qd3 f6 21. Qd5 Qxd5 22. cxd5 b5 23. Ra1 Nb6 24. Kf3 c4 25. Be3 cxb3 26. Bxb6 b2 27. Ra2 axb6 28. Rb1 Rhc8 29. Rbxb2 Rxc3+ 30. Kf2 Ra5 31. Rb4 h4 32. gxh4 Rxh3 33. Rab2 Raxa3 34. Rxb5 Rhf3+ 35. Kg2 Rxf4 36. Rxb6 Rxe4 37. Rb7 Kf7 38. R2b6 Re2+ 39. Kf1 Rh2 0-1

[Event "Speed Chess Q1 Sw"]
[Site "Chess.com INT"]
[Date "2023.08.21"]
[Round "7"]
[White "Zemlyanskii, Ivan"]
[Black "Filipets, Egor"]
[Result "1-0"]
[WhiteElo "2362"]
[BlackElo "2293"]
[PlyCount "75"]
[EventDate "2023.08.21"]
[EventType "k.o. (blitz)"]
[EventRounds "14"]
[EventCountry "USA"]
[SourceTitle "CBM 215 Extra"]
[Source "ChessBase"]
[SourceDate "2023.09.30"]
[SourceVersion "1"]
[SourceVersionDate "2023.09.30"]
[SourceQuality "1"]

1. d4 f5 2. Qd3 d5 3. c4 e6 4. Nc3 c6 5. Nf3 Nf6 6. Bg5 Be7 7. e3 0-0 8. Qc2 Nbd7 9. cxd5 Nxd5 10. Bxe7 Qxe7 11. Bc4 Kh8 12. 0-0 Nxc3 13. bxc3 e5 14. e4 exd4 15. Rfe1 Ne5 16. Nxe5 Qxe5 17. cxd4 Qxd4 18. e5 Re8 19. Rad1 Qc5 20. Qb3 Qe7 21. Bf7 Be6 22. Bxe6 Qxe6 23. Qxb7 Rad8 24. Rxd8 Rxd8 25. h3 h6 26. Qxa7 Rd2 27. a4 Ra2 28. a5 Kh7 29. Qb6 f4 30. a6 f3 31. Qe3 fxg2 32. a7 Qe7 33. e6 Rxa7 34. Qxa7 Qxa7 35. e7 Qa3 36. e8Q Qxh3 37. Qe4+ Kh8 38. Qxg2 1-0

[Event "Titled Tuesday intern op 08th Aug Late"]
[Site "Chess.com INT"]
[Date "2023.08.08"]
[Round "6"]
[White "Filipets, Egor"]
[Black "Klukin, Kirill"]
[Result "0-1"]
[WhiteElo "2293"]
[BlackElo "2390"]
[PlyCount "96"]
[EventDate "2023.08.08"]
[EventType "swiss (blitz)"]
[EventRounds "11"]
[EventCountry "USA"]
[SourceTitle "EXT 2024"]
[Source "ChessBase"]
[SourceDate "2023.10.10"]
[SourceVersion "1"]
[SourceVersionDate "2023.10.10"]
[SourceQuality "1"]

1. c4 Nf6 2. g3 g6 3. Bg2 Bg7 4. Nf3 0-0 5. 0-0 c6 6. d4 d6 7. Nc3 Bf5 8. Nh4 Be6 9. d5 cxd5 10. cxd5 Bd7 11. e4 Na6 12. Be3 Qa5 13. a3 Rfc8 14. Bd4 Ng4 15. b4 Qd8 16. Rc1 Ne5 17. f4 Nc4 18. Bxg7 Kxg7 19. Qd4+ f6 20. b5 Nb8 21. a4 Qb6 22. Rfd1 Nb2 23. Rd2 Nxa4 24. Qxb6 axb6 25. Ra2 Nxc3 26. Rxa8 Ne2+ 27. Kf2 Nxc1 28. Bf1 Nb3 29. Nf3 Nc5 30. Nd4 Nxe4+ 31. Ke3 Nc5 32. Bc4 Kf7 33. h4 Ke8 34. h5 gxh5 35. f5 Kd8 36. Ne6+ Nxe6 37. fxe6 Rxc4 38. exd7 Kxd7 39. Rxb8 Rg4 40. Rxb7+ Kd8 41. Rxb6 Rxg3+ 42. Kf4 Rg5 43. Ke4 h4 44. Rb8+ Kc7 45. Rh8 Rh5 46. Re8 h3 47. Rxe7+ Kb6 48. Rxh7 Rxh7 0-1

[Event "Titled Tuesday intern op 08th Aug Late"]
[Site "Chess.com INT"]
[Date "2023.08.08"]
[Round "2"]
[White "Filipets, Egor"]
[Black "Rakotomaharo, Fy Antenaina"]
[Result "1-0"]
[WhiteElo "2293"]
[BlackElo "2464"]
[PlyCount "133"]
[EventDate "2023.08.08"]
[EventType "swiss (blitz)"]
[EventRounds "11"]
[EventCountry "USA"]
[SourceTitle "EXT 2024"]
[Source "ChessBase"]
[SourceDate "2023.10.10"]
[SourceVersion "1"]
[SourceVersionDate "2023.10.10"]
[SourceQuality "1"]

1. c4 c5 2. g3 g6 3. Bg2 Bg7 4. Nf3 Nf6 5. 0-0 0-0 6. d3 d5 7. Nc3 dxc4 8. dxc4 Qa5 9. Qb3 Nc6 10. Be3 Qb4 11. Nd5 Nxd5 12. cxd5 Ne5 13. Rac1 Qxb3 14. axb3 b6 15. d6 Bb7 16. dxe7 Rfe8 17. Nxe5 Bxg2 18. Kxg2 Bxe5 19. Rc2 Rxe7 20. Ra1 Rd8 21. Ra4 Red7 22. b4 cxb4 23. Rxb4 Kg7 24. Rbc4 h5 25. b3 Rd5 26. Ra4 R8d7 27. Rca2 Bb8 28. Re4 Rb5 29. b4 Bd6 30. Rd2 Rd8 31. Red4 Bc7 32. Rxd8 Bxd8 33. Rxd8 Rxb4 34. Ra8 a5 35. Rb8 b5 36. Bd2 Rb2 37. Bxa5 Rxe2 38. Rxb5 Re6 39. Bc3+ Kh7 40. h4 Rc6 41. Be5 Re6 42. f4 f6 43. Rb7+ Kh6 44. Bd4 Rd6 45. Rb4 Kg7 46. Kf3 Rc6 47. Rb6 Rc4 48. Bxf6+ Kh6 49. Bg5+ Kh7 50. Rb7+ Kg8 51. Re7 Rc3+ 52. Re3 Rc4 53. Ke2 Kf7 54. Kd3 Ra4 55. Re7+ Kf8 56. Rb7 Ra3+ 57. Ke4 Rxg3 58. Ke5 Rc3 59. Bh6+ Kg8 60. Rg7+ Kh8 61. Rxg6 Kh7 62. Rd6 Rh3 63. Bg5 Re3+ 64. Kf5 Ra3 65. Rd7+ Kh8 66. Kg6 Ra6+ 67. Bf6+ 1-0

[Event "Titled Tuesday intern op 08th Aug Late"]
[Site "Chess.com INT"]
[Date "2023.08.08"]
[Round "1"]
[White "Filipets, Egor"]
[Black "Rosen, Eric S"]
[Result "1-0"]
[WhiteElo "2293"]
[BlackElo "2341"]
[PlyCount "81"]
[EventDate "2023.08.08"]
[EventType "swiss (blitz)"]
[EventRounds "11"]
[EventCountry "USA"]
[SourceTitle "EXT 2024"]
[Source "ChessBase"]
[SourceDate "2023.10.10"]
[SourceVersion "1"]
[SourceVersionDate "2023.10.10"]
[SourceQuality "1"]

1. c4 e6 2. g3 d5 3. Bg2 Nf6 4. Nf3 Bd6 5. 0-0 0-0 6. cxd5 exd5 7. d4 c6 8. Nc3 Re8 9. Bf4 h6 10. Ne5 Bf5 11. f3 Bh7 12. Qd2 c5 13. Nb5 Bf8 14. Nd3 Na6 15. dxc5 Bxd3 16. exd3 Bxc5+ 17. d4 Bf8 18. Rfc1 Qd7 19. Nc7 Nxc7 20. Rxc7 Qb5 21. Bf1 Qb6 22. Rac1 Bb4 23. Qd3 Re6 24. a3 Bf8 25. b4 Rae8 26. Kf2 Rc6 27. R7xc6 bxc6 28. Be3 Re6 29. Qa6 Nd7 30. Qxb6 axb6 31. Bh3 Re7 32. Rxc6 g6 33. a4 f5 34. Bf1 Kf7 35. a5 bxa5 36. bxa5 Nf6 37. a6 Ra7 38. Rb6 Ke8 39. Rb7 Ra8 40. Bd2 Be7 41. Ba5 1-0

[Event "Minsk op"]
[Site "Minsk"]
[Date "2022.08.08"]
[Round "6"]
[White "Norman, Kseniya"]
[Black "Filipets, Egor"]
[Result "0-1"]
[WhiteElo "1824"]
[BlackElo "2343"]
[PlyCount "92"]
[EventDate "2022.08.03"]
[EventType "swiss"]
[EventRounds "9"]
[EventCountry "BLR"]
[SourceTitle "CBM 209 Extra"]
[Source "ChessBase"]
[SourceDate "2022.09.30"]
[SourceVersion "1"]
[SourceVersionDate "2022.09.30"]
[SourceQuality "1"]

1. e4 d6 2. Nc3 Nf6 3. f4 g6 4. Nf3 Bg7 5. g3 c5 6. Bg2 Nc6 7. d3 Rb8 8. a4 0-0 9. 0-0 a6 10. h3 b5 11. axb5 axb5 12. g4 b4 13. Ne2 e6 14. Ng3 Ne8 15. f5 Ne5 16. Kh1 Nxf3 17. Qxf3 Qh4 18. Ra7 Rb7 19. Ra8 Nc7 20. Ra2 Nb5 21. f6 Bh6 22. e5 Bxc1 23. Rxc1 Rb6 24. Ne4 Bb7 25. Qe3 Nd4 26. Nxd6 Bf3 27. Kh2 Bxg4 28. Rf1 b3 29. cxb3 Be2 30. Rf2 Bxd3 31. Rf4 Qg5 32. h4 Qh6 33. Qf2 Rxb3 34. Rg4 Be2 35. Rxd4 cxd4 36. Qxe2 Qxh4+ 37. Kg1 Re3 38. Qf2 Re1+ 39. Bf1 Qg5+ 40. Qg2 Qe3+ 41. Qf2 Qxe5 42. Nc4 Qg5+ 43. Kh2 Re4 44. Ra5 e5 45. Bg2 Qh6+ 46. Bh3 d3 0-1

[Event "Orsha op-A 20th"]
[Site "Orsha"]
[Date "2022.02.08"]
[Round "9"]
[White "Afanasiev, Nikita"]
[Black "Filipets, Egor"]
[Result "1-0"]
[WhiteElo "2553"]
[BlackElo "2353"]
[PlyCount "107"]
[EventDate "2022.02.02"]
[EventType "swiss"]
[EventRounds "9"]
[EventCountry "BLR"]
[SourceTitle "EXT 2023"]
[Source "ChessBase"]
[SourceDate "2022.10.05"]
[SourceVersion "1"]
[SourceVersionDate "2022.10.05"]
[SourceQuality "1"]

1. e4 d6 2. d4 Nf6 3. Nc3 g6 4. h4 Bg7 5. Be2 c5 6. dxc5 Qa5 7. Bd2 Qxc5 8. h5 gxh5 9. Bxh5 Nbd7 10. Be2 a6 11. Be3 Qb4 12. a3 Qa5 13. Qd2 b5 14. f3 Ne5 15. g4 Be6 16. g5 Nfd7 17. Bd4 f6 18. f4 Nc4 19. Bxc4 Bxc4 20. Nf3 0-0-0 21. Nd5 Qxd2+ 22. Kxd2 e5 23. Ne7+ Kb7 24. Nf5 Bf8 25. Bc3 d5 26. b3 dxe4 27. bxc4 exf3 28. Ke3 fxg5 29. fxg5 Bc5+ 30. Kxf3 Rhf8 31. Ke4 Rf7 32. cxb5 axb5 33. Bb4 Rc8 34. Raf1 Bxb4 35. axb4 Rc4+ 36. Kd5 Kc7 37. Ke6 Rf8 38. Rxh7 Rc6+ 39. Ke7 Rg6 40. Nh4 Rxg5 41. Rxf8 Nxf8 42. Kxf8+ Kc6 43. Ke7 Rg4 44. Ke6 Rxb4 45. Kxe5 Rg4 46. Nf5 Kc5 47. Rc7+ Kb4 48. Ne3 Rg8 49. Nd5+ Ka3 50. c3 Kb3 51. Kd6 Rg4 52. Kc5 Rc4+ 53. Kb6 b4 54. cxb4 1-0

[Event "Orsha op-A 20th"]
[Site "Orsha"]
[Date "2022.02.07"]
[Round "8"]
[White "Filipets, Egor"]
[Black "Moskalenko, Alexander"]
[Result "1/2-1/2"]
[WhiteElo "2353"]
[BlackElo "2514"]
[PlyCount "77"]
[EventDate "2022.02.02"]
[EventType "swiss"]
[EventRounds "9"]
[EventCountry "BLR"]
[SourceTitle "EXT 2023"]
[Source "ChessBase"]
[SourceDate "2022.10.05"]
[SourceVersion "1"]
[SourceVersionDate "2022.10.05"]
[SourceQuality "1"]

1. e4 e6 2. d3 d5 3. Nd2 c5 4. Ngf3 Nc6 5. g3 g6 6. Bg2 Bg7 7. 0-0 Nf6 8. Re1 0-0 9. c3 a5 10. a4 b6 11. e5 Nd7 12. d4 Ba6 13. Nb3 cxd4 14. Bg5 Qb8 15. Nbxd4 Nxd4 16. cxd4 h6 17. Be7 Rc8 18. Qd2 Qc7 19. Rec1 Qb7 20. Bd6 Rxc1+ 21. Rxc1 Rc8 22. h4 Rc6 23. b3 Qc8 24. Rxc6 Qxc6 25. Ne1 h5 26. Bf1 Bxf1 27. Kxf1 Bf8 28. Bxf8 Kxf8 29. Nf3 Kg7 30. Kg2 Nf8 31. Ng5 Nh7 32. Nh3 Qc7 33. Nf4 Nf8 34. Ne2 Qe7 35. Nf4 Qa3 36. Qc3 Qa2 37. Qd3 Qa1 38. Ne2 Qa2 39. Nf4 1/2-1/2

[Event "Orsha op-A 20th"]
[Site "Orsha"]
[Date "2022.02.06"]
[Round "7"]
[White "Kramich, Aliaksei"]
[Black "Filipets, Egor"]
[Result "0-1"]
[WhiteElo "2084"]
[BlackElo "2353"]
[PlyCount "64"]
[EventDate "2022.02.02"]
[EventType "swiss"]
[EventRounds "9"]
[EventCountry "BLR"]
[SourceTitle "EXT 2023"]
[Source "ChessBase"]
[SourceDate "2022.10.05"]
[SourceVersion "1"]
[SourceVersionDate "2022.10.05"]
[SourceQuality "1"]

1. e4 d6 2. d4 Nf6 3. Nc3 Nbd7 4. f4 e5 5. Nf3 exd4 6. Qxd4 c6 7. Bd2 d5 8. 0-0-0 Bc5 9. Qd3 0-0 10. exd5 Qc7 11. Ng5 Bd6 12. Nce4 cxd5 13. Nxd6 Qxd6 14. Qd4 Nc5 15. Bb4 b6 16. Kb1 Bg4 17. Re1 a5 18. Ba3 Rfc8 19. Bd3 Qc7 20. h3 Nxd3 21. Qxd3 Qxf4 22. Nxh7 Bf5 23. Nxf6+ gxf6 24. Rhf1 Bxd3 25. Rxf4 Rxc2 26. Rg4+ Kh7 27. Rh4+ Kg6 28. Ka1 f5 29. Bd6 Re8 30. Rd1 Ree2 31. a4 Be4 32. Be5 Rc4 0-1

[Event "Titled Tuesday intern op 11th Jan"]
[Site "Chess.com INT"]
[Date "2022.01.11"]
[Round "1"]
[White "Filipets, Egor"]
[Black "Curtis, John"]
[Result "1-0"]
[WhiteElo "2353"]
[BlackElo "2292"]
[PlyCount "59"]
[EventDate "2022.01.11"]
[EventType "swiss (blitz)"]
[EventRounds "11"]
[EventCountry "USA"]
[SourceTitle "CBM 206 Extra"]
[Source "ChessBase"]
[SourceDate "2022.03.31"]
[SourceVersion "1"]
[SourceVersionDate "2022.03.31"]
[SourceQuality "1"]

1. e4 e5 2. Nf3 Nc6 3. Bc4 Nf6 4. Ng5 d5 5. exd5 Na5 6. Bb5+ c6 7. dxc6 bxc6 8. Qf3 h6 9. Ne4 Nd5 10. Nbc3 Bd7 11. Ba4 Rb8 12. 0-0 Be7 13. d3 0-0 14. Qg3 Nf4 15. Bxf4 exf4 16. Qxf4 Rxb2 17. Rab1 Rb6 18. Ng3 f5 19. Rfe1 Bf6 20. Nce2 Re8 21. Kf1 Bg5 22. Qd4 f4 23. Ne4 f3 24. N2g3 fxg2+ 25. Kxg2 Nb7 26. Nxg5 hxg5 27. Rxe8+ Qxe8 28. Bb3+ Kh8 29. h4 c5 30. Qd5 1-0

[Event "Titled Tuesday intern op 11th Jan"]
[Site "Chess.com INT"]
[Date "2022.01.11"]
[Round "4"]
[White "Filipets, Egor"]
[Black "Hansen, Eric"]
[Result "1-0"]
[WhiteElo "2353"]
[BlackElo "2606"]
[PlyCount "85"]
[EventDate "2022.01.11"]
[EventType "swiss (blitz)"]
[EventRounds "11"]
[EventCountry "USA"]
[SourceTitle "CBM 206 Extra"]
[Source "ChessBase"]
[SourceDate "2022.03.31"]
[SourceVersion "1"]
[SourceVersionDate "2022.03.31"]
[SourceQuality "1"]

1. d4 Nf6 2. Bf4 g6 3. e3 Bg7 4. Nf3 0-0 5. h3 c5 6. c3 Qb6 7. Qb3 d6 8. Bc4 Nc6 9. Ng5 d5 10. Be2 c4 11. Qc2 Bf5 12. Qc1 h6 13. Nf3 Ne4 14. Nbd2 Qa5 15. g4 Bd7 16. Nxe4 dxe4 17. Nd2 b5 18. Nxe4 e5 19. dxe5 Nxe5 20. Bxe5 Bxe5 21. Bf3 Kg7 22. Nc5 Rad8 23. Nb7 Qc7 24. Nxd8 Rxd8 25. Qc2 Bc6 26. Bxc6 Qxc6 27. Ke2 Rd6 28. f3 Re6 29. Kf2 Rf6 30. Qe2 Bc7 31. Kg2 h5 32. Rad1 a6 33. Rd4 Bb6 34. Re4 h4 35. Rd1 a5 36. Qd2 Qc8 37. Qd7 Qb8 38. f4 Qa8 39. Rd5 a4 40. Re8 Qa6 41. Qe7 Re6 42. Qf8+ Kf6 43. g5# 1-0

[Event "Titled Tuesday intern op 11th Jan"]
[Site "Chess.com INT"]
[Date "2022.01.11"]
[Round "2"]
[White "Filipets, Egor"]
[Black "Sjugirov, Sanan"]
[Result "0-1"]
[WhiteElo "2353"]
[BlackElo "2680"]
[PlyCount "96"]
[EventDate "2022.01.11"]
[EventType "swiss (blitz)"]
[EventRounds "11"]
[EventCountry "USA"]
[SourceTitle "CBM 206 Extra"]
[Source "ChessBase"]
[SourceDate "2022.03.31"]
[SourceVersion "1"]
[SourceVersionDate "2022.03.31"]
[SourceQuality "1"]

1. c4 e5 2. g3 Nc6 3. Bg2 g6 4. Nc3 Bg7 5. Nf3 d6 6. 0-0 Nge7 7. Rb1 a5 8. a3 0-0 9. b4 axb4 10. axb4 Nd4 11. e3 Nxf3+ 12. Bxf3 c6 13. Bg2 Be6 14. d3 d5 15. Qe2 Nf5 16. Rd1 Re8 17. b5 h5 18. h4 Rc8 19. bxc6 bxc6 20. Ba3 d4 21. exd4 Nxd4 22. Qf1 Bg4 23. f3 Bf5 24. Ne4 Ra8 25. Bc5 Bf8 26. Bxf8 Rxf8 27. Qf2 Bxe4 28. fxe4 Kg7 29. Rf1 Qe7 30. Rb2 Ra3 31. Qe3 f6 32. Rbf2 Rf7 33. Qd2 Qd6 34. Kh2 Ne6 35. Rf3 Nc5 36. Qb4 Rb3 37. Qa5 Rxd3 38. Rxd3 Nxd3 39. Rd1 Qc5 40. Qxc5 Nxc5 41. Rd6 Rc7 42. Bf3 Nb3 43. Kh3 Nd4 44. Bd1 Ra7 45. g4 Ra3+ 46. Kg2 Ra1 47. Kg3 Rxd1 48. Kf2 hxg4 0-1